000 01124nam a22003257a 4500
003 CHAP
005 20220329143246.0
008 071022d1995 mx ab r 00110 spa d
010 _a94071
011 _a95043
020 _a9706400281
035 _a105646
040 _cCHAP
090 _aFolleto 17308
100 0 0 _aNovaro, Octavio.
_982009
245 1 0 _aHacia una teoría de la catálisis :
_bconvergencia de conceptos de la física, la química y la biología (discurso), Marcos Moshinsky respuesta
_c/por Octavio Novaro Peñalosa
260 _aMéxico, D. F. :
_bEl Colegio Nacional,
_c1995
300 _a47 p. :
_bilus. ; gráfs. ; mapa
590 _aBATCH-UPD
_b10
_c20130110
_lUCH01
_h1600
590 _aBATCH-UPD
_b10
_c20130410
_lUCH01
_h0957
590 _aBATCH-UPD
_b10
_c20130914
_lUCH01
_h0901
590 _aCONVERSION
_b10
_c20130109
_lUCH01
_h1352
650 1 4 _aCatálisis.
_920522
650 1 4 _aIndustria química.
_957914
650 1 4 _aPetróleo
_xIndustria.
_987665
901 _aBK
905 _aMarco A. Mendoza T.
942 _cFOLL
949 _aFolleto 17308
_bBC
_cFOLL
_d33724002036777
_eTS1
_i105646
_sb
999 _c94071
_d94071